[Event "CZE-chT2A 1819"]
[Site "Czech Republic"]
[Date "2019.02.10"]
[Round "8.2"]
[White "Starek, Stanislav"]
[Black "Eret, Jonas"]
[Result "0-1"]
[WhiteElo "2189"]
[BlackElo "2222"]
[PlyCount "58"]
[EventDate "2018.10.14"]
[EventType "team-tourn"]
[EventRounds "11"]
[EventCountry "CZE"]
[SourceTitle "EXT 2022"]
[Source "ChessBase"]
[SourceDate "2021.10.06"]
[SourceVersion "1"]
[SourceVersionDate "2021.10.06"]
[SourceQuality "1"]
[WhiteTeam "Ricany"]
[BlackTeam "Klatovy"]
[WhiteTeamCountry "CZE"]
[BlackTeamCountry "CZE"]

1. d4 d6 2. Nf3 Nf6 3. Nc3 Bf5 4. Bg5 Ne4 5. Nxe4 Bxe4 6. Nd2 Bg6 7. e4 f6 8. Be3 e5 9. Bc4 exd4 10. Bxd4 Nc6 11. c3 Nxd4 12. cxd4 c6 13. 0-0 Qb6 14. Nb3 0-0-0 15. Re1 d5 16. exd5 cxd5 17. Bf1 Kb8 18. Rc1 Bb4 19. Re3 Rhe8 20. Rxe8 Rxe8 21. Nc5 Bxc5 22. Rxc5 Qxb2 23. Rxd5 Qb1 24. Qf3 a6 25. Qc3 Be4 26. Qe3 Ka7 27. Rd7 Bxg2 28. Qd3 Qxd3 29. Bxd3 Bc6 0-1

[Event "CZE-ch blitz"]
[Site "Prague"]
[Date "2018.12.22"]
[Round "12"]
[White "Eret, Jonas"]
[Black "Neuman, Petr"]
[Result "0-1"]
[WhiteElo "2171"]
[BlackElo "2432"]
[PlyCount "100"]
[EventDate "2018.12.22"]
[EventType "swiss (blitz)"]
[EventRounds "15"]
[EventCountry "CZE"]
[SourceTitle "CBM 187 Extra"]
[Source "ChessBase"]
[SourceDate "2018.11.04"]
[SourceVersion "1"]
[SourceVersionDate "2018.11.04"]
[SourceQuality "1"]

1. d4 d6 2. Bf4 Nd7 3. Nf3 g6 4. e3 Bg7 5. h3 e5 6. Bh2 Qe7 7. Be2 f5 8. 0-0 Ngf6 9. c4 0-0 10. Nc3 Kh8 11. c5 e4 12. cxd6 cxd6 13. Nd2 Nb6 14. a4 Be6 15. Nb5 Rfd8 16. Rc1 Ne8 17. a5 Nd5 18. Qa4 a6 19. Nc3 Nef6 20. Nxd5 Nxd5 21. Bc4 Rac8 22. Qb3 Qf7 23. Rc2 f4 24. Nxe4 Rxc4 25. Ng5 Qg8 26. Qxc4 Rc8 27. Qe2 Rxc2 28. Qxc2 fxe3 29. Re1 Bf5 30. Qd1 h6 31. Nf3 exf2+ 32. Kxf2 Nf6 33. Bf4 Ne4+ 34. Kg1 Qd5 35. Be3 Qxa5 36. Nd2 Nf6 37. Nc4 Qd5 38. Nb6 Qb5 39. d5 Ne4 40. Bd4 Nf6 41. Bxf6 Bxf6 42. Re8+ Qxe8 43. Qd2 Kg7 44. Nc4 Qe4 45. Nxd6 Qd4+ 46. Qxd4 Bxd4+ 47. Kf1 Bxb2 48. Nxb7 Be5 49. g4 Be4 50. Nc5 Bxd5 0-1

[Event "CZE-chT2A 1819"]
[Site "Czech Republic"]
[Date "2018.12.16"]
[Round "5.2"]
[White "Simek, Petr"]
[Black "Eret, Jonas"]
[Result "1-0"]
[WhiteElo "2290"]
[BlackElo "2222"]
[PlyCount "61"]
[EventDate "2018.10.14"]
[EventType "team-tourn"]
[EventRounds "11"]
[EventCountry "CZE"]
[SourceTitle "EXT 2022"]
[Source "ChessBase"]
[SourceDate "2021.10.06"]
[SourceVersion "1"]
[SourceVersionDate "2021.10.06"]
[SourceQuality "1"]
[WhiteTeam "Unichess Underground"]
[BlackTeam "Klatovy"]
[WhiteTeamCountry "CZE"]
[BlackTeamCountry "CZE"]

1. d4 e6 2. c4 Nf6 3. g3 d5 4. Bg2 Be7 5. Nf3 dxc4 6. Qc2 a6 7. a4 0-0 8. Bg5 c5 9. Qxc4 Qb6 10. 0-0 cxd4 11. Qxd4 Bc5 12. Qh4 Nbd7 13. Nbd2 h6 14. Nc4 Qa7 15. Be3 Bxe3 16. Nxe3 Nb6 17. Ne5 Nbd5 18. N3c4 Qb8 19. a5 Bd7 20. Nxd7 Nxd7 21. Rfd1 N5f6 22. Ra3 Ra7 23. Qd4 e5 24. Qd6 Qxd6 25. Rxd6 Re8 26. Nb6 Nf8 27. Rc3 e4 28. Bh3 Ng6 29. Rc8 Kf8 30. Rdd8 Ne7 31. Nd7+ 1-0

[Event "CZE-chT2A 1819"]
[Site "Czech Republic"]
[Date "2018.12.02"]
[Round "4.2"]
[White "Eret, Jonas"]
[Black "Miesbauer, Jan"]
[Result "0-1"]
[WhiteElo "2222"]
[BlackElo "2376"]
[PlyCount "84"]
[EventDate "2018.10.14"]
[EventType "team-tourn"]
[EventRounds "11"]
[EventCountry "CZE"]
[SourceTitle "EXT 2022"]
[Source "ChessBase"]
[SourceDate "2021.10.06"]
[SourceVersion "1"]
[SourceVersionDate "2021.10.06"]
[SourceQuality "1"]
[WhiteTeam "Klatovy"]
[BlackTeam "Pisek"]
[WhiteTeamCountry "CZE"]
[BlackTeamCountry "CZE"]

1. d4 Nf6 2. Bf4 b6 3. e3 Bb7 4. Nf3 h6 5. h3 d6 6. c3 Nbd7 7. Nbd2 e6 8. a4 a5 9. Bh2 g5 10. Qb1 Nd5 11. g4 Bg7 12. Bd3 Qe7 13. Qc2 h5 14. 0-0-0 0-0-0 15. e4 hxg4 16. hxg4 Nf4 17. Bxf4 gxf4 18. g5 Kb8 19. Kb1 Ka7 20. Rdg1 Rdg8 21. Qd1 Qd8 22. Rg4 Rxh1 23. Qxh1 Rh8 24. Qg1 e5 25. d5 Nc5 26. Bc2 Bc8 27. Rh4 Bd7 28. b3 c6 29. b4 Nb7 30. Rxh8 Bxh8 31. Qh2 Qc8 32. Qh7 cxd5 33. exd5 e4 34. Nd4 Bxd4 35. cxd4 e3 36. fxe3 fxe3 37. Nf3 Bg4 38. Ne1 Qc3 39. Nd3 e2 40. Qe4 axb4 41. Qxg4 Qxd3 42. Bxd3 e1Q+ 0-1

[Event "Plzen op 10th"]
[Site "Plzen"]
[Date "2018.11.24"]
[Round "7"]
[White "Eret, Jonas"]
[Black "Vlk, Miloslav"]
[Result "1-0"]
[WhiteElo "2223"]
[BlackElo "1978"]
[PlyCount "73"]
[EventDate "2018.11.18"]
[EventType "swiss"]
[EventRounds "9"]
[EventCountry "CZE"]
[SourceTitle "CBM 189 Extra"]
[Source "ChessBase"]
[SourceDate "2019.06.03"]
[SourceVersion "1"]
[SourceVersionDate "2019.06.03"]
[SourceQuality "1"]

1. d4 d5 2. Nf3 Nf6 3. Bf4 Bf5 4. e3 e6 5. Be2 Bd6 6. Bg3 Ne4 7. Nbd2 Nd7 8. Nxe4 dxe4 9. Nd2 Bxg3 10. hxg3 0-0 11. c3 c5 12. 0-0 Qc7 13. b4 cxb4 14. cxb4 e5 15. g4 Bg6 16. Rc1 Qb6 17. Nc4 Qf6 18. d5 Rfd8 19. Na5 Qb6 20. Qb3 Nf6 21. Rc5 Ne8 22. Rb5 Qa6 23. Nxb7 Rdc8 24. Nc5 Qd6 25. Ra5 Nc7 26. Rd1 f6 27. Ba6 Re8 28. Bb7 Rab8 29. Bc6 Red8 30. Nb7 Rxb7 31. Bxb7 Rb8 32. Bc6 Rxb4 33. Qa3 Bf7 34. Ra4 a5 35. Rxa5 Bxd5 36. Bxd5+ Nxd5 37. Raxd5 1-0

[Event "Regionalliga Nord-Ost 1819"]
[Site "Bayern"]
[Date "2018.10.21"]
[Round "1.1"]
[White "Eret, Jonas"]
[Black "Medunova, Vera"]
[Result "1-0"]
[WhiteElo "2245"]
[BlackElo "2039"]
[PlyCount "189"]
[EventDate "2018.10.21"]
[EventType "team-tourn"]
[EventRounds "9"]
[EventCountry "GER"]
[SourceTitle "EXT 2022"]
[Source "ChessBase"]
[SourceDate "2021.10.06"]
[SourceVersion "1"]
[SourceVersionDate "2021.10.06"]
[SourceQuality "1"]
[WhiteTeam "Bad Koetzting"]
[BlackTeam "Rothenburg"]
[WhiteTeamCountry "GER"]
[BlackTeamCountry "GER"]

1. d4 Nf6 2. Bf4 d5 3. e3 e6 4. Bd3 Bd6 5. Bg3 c5 6. c3 Qc7 7. Nf3 Nbd7 8. Nbd2 b6 9. e4 dxe4 10. Nxe4 Bxg3 11. hxg3 Bb7 12. Nxf6+ Nxf6 13. Bb5+ Bc6 14. Qa4 Bxb5 15. Qxb5+ Qd7 16. Qxd7+ Nxd7 17. 0-0-0 0-0-0 18. Ng5 Rdf8 19. Nxh7 Re8 20. Ng5 Rxh1 21. Rxh1 Re7 22. Rh8+ Kc7 23. Ra8 Kb7 24. Rg8 f6 25. Ne4 cxd4 26. cxd4 Kc6 27. Kd2 e5 28. Rc8+ Kd5 29. Nc3+ Kxd4 30. Rc7 e4 31. Rxa7 Ke5 32. Ke3 f5 33. a4 g5 34. Ne2 Kd6 35. Nd4 Re5 36. Rb7 Rd5 37. Nb5+ Ke5 38. Nc3 f4+ 39. gxf4+ gxf4+ 40. Ke2 Rd4 41. b4 Ke6 42. a5 Rc4 43. Nb5 bxa5 44. bxa5 Rc2+ 45. Ke1 Ra2 46. Nc7+ Kd6 47. Nb5+ Ke6 48. Nc3 Rxa5 49. Rb4 Nc5 50. Ke2 f3+ 51. gxf3 exf3+ 52. Kxf3 Ra3 53. Rc4 Kd6 54. Kg4 Ra8 55. f4 Rg8+ 56. Kf3 Ne6 57. Ra4 Rf8 58. Ra6+ Kd7 59. Nd5 Nc5 60. Rg6 Ne6 61. Ke4 Nxf4 62. Nxf4 Ra8 63. Ke5 Ra1 64. Rd6+ Ke7 65. Ng6+ Kf7 66. Kf5 Rf1+ 67. Nf4 Ke7 68. Rd3 Rf2 69. Ke5 Rf1 70. Nd5+ Kf7 71. Kd6 Re1 72. Rf3+ Kg6 73. Ne3 Ra1 74. Ke5 Ra5+ 75. Nd5 Rb5 76. Ke6 Kg5 77. Rg3+ Kh4 78. Rg7 Ra5 79. Ke5 Ra4 80. Nc3 Rc4 81. Ne4 Rc8 82. Nd6 Rf8 83. Nf5+ Kh3 84. Kf4 Kh2 85. Ke4 Kh3 86. Rg5 Kh2 87. Kf3 Rf7 88. Ke2 Rf8 89. Nd4 Ra8 90. Kf3 Rf8+ 91. Nf5 Rf7 92. Kf2 Kh3 93. Kg1 Rg7 94. Nxg7 Kh4 95. Rh5+ 1-0

[Event "Landesliga Nord 1718"]
[Site "Bayern"]
[Date "2018.04.15"]
[Round "9.1"]
[White "Seyb, Dieter"]
[Black "Eret, Jonas"]
[Result "1-0"]
[WhiteElo "2196"]
[BlackElo "2245"]
[PlyCount "49"]
[EventDate "2017.10.22"]
[EventType "team-tourn"]
[EventRounds "9"]
[EventCountry "GER"]
[SourceTitle "EXT 2022"]
[Source "ChessBase"]
[SourceDate "2021.10.06"]
[SourceVersion "1"]
[SourceVersionDate "2021.10.06"]
[SourceQuality "1"]
[WhiteTeam "Forchheim SC II"]
[BlackTeam "Bad Koetzting"]
[WhiteTeamCountry "GER"]
[BlackTeamCountry "GER"]

1. e4 e6 2. d4 d5 3. exd5 exd5 4. Bd3 Nc6 5. c3 Bd6 6. Qf3 Be6 7. Ne2 Nge7 8. Bf4 Ng6 9. Bxd6 Qxd6 10. Nd2 0-0-0 11. 0-0-0 Nce7 12. Rde1 h5 13. Qg3 Qd7 14. Nf4 h4 15. Qe3 Nf5 16. Qf3 Nxd4 17. cxd4 Bg4 18. Nxg6 Bxf3 19. Bf5 Qxf5 20. Ne7+ Kb8 21. Nxf5 Bxg2 22. Rhg1 Bh3 23. Nxg7 Rdg8 24. Re7 Be6 25. Rg5 1-0